| 000 | 01041nam a22002537a 4500 | ||
|---|---|---|---|
| 008 | 090429t xxu||||| |||| 00| 0 eng d | ||
| 020 | _a0131587382 | ||
| 020 | _a9780131587380 | ||
| 082 |
_222 _a006.78 _bDEI |
||
| 100 | 0 | 1 |
_aDeitel, Paul J. _94448 |
| 245 | 0 | 1 |
_aAjax, Rich Internet Applications, and Web Development for Programmers / _c Paul J. Deitel, Harvey M. Deitel. |
| 260 |
_aUpper SAdel River, NJ: _bPrentice Hall, _cc2008. |
||
| 300 |
_axxx, 991 p. : _bill. ; _c24 cm. |
||
| 440 | _94449 | ||
| 490 |
_930002 _aDeitel Developer Series |
||
| 500 | _a Includes index. | ||
| 650 | 0 |
_aAjax (Web site development technology) _94450 |
|
| 650 | 0 |
_aWeb site development. _94451 |
|
| 650 | 0 |
_aWeb sites _xDesign. _94452 |
|
| 650 | 0 |
_aJavaScript (Computer program language) _94453 |
|
| 700 | 1 |
_aDeitel, Harvey M. _d1945- _94454 |
|
| 942 |
_2ddc _cBB |
||
| 999 |
_c11462 _d11462 |
||